Welcome to CU Library Online Public Access Catalogue (OPAC)

Thinking mathematically / (Record no. 1164)

MARC details
000 -LEADER
fixed length control field 00656cam a22002174a 4500
001 - CONTROL NUMBER
control field 13422127
005 - DATE AND TIME OF LATEST TRANSACTION
control field 20241114093113.0
008 - FIXED-LENGTH DATA ELEMENTS--GENERAL INFORMATION
fixed length control field 031203s2005 njua 001 0 eng
020 ## - INTERNATIONAL STANDARD BOOK NUMBER
International Standard Book Number 9780131432437
020 ## - INTERNATIONAL STANDARD BOOK NUMBER
International Standard Book Number 0131920111 (school ed.)
050 00 - LIBRARY OF CONGRESS CALL NUMBER
Classification number QA39.3
Item number .B59 2005
082 00 - DEWEY DECIMAL CLASSIFICATION NUMBER
Classification number 510
Edition information 22
100 1# - MAIN ENTRY--PERSONAL NAME
Personal name Blitzer, Robert.
245 10 - TITLE STATEMENT
Title Thinking mathematically /
Statement of responsibility, etc. Robert Blitzer.
250 ## - EDITION STATEMENT
Edition statement 3rd ed.
260 ## - PUBLICATION, DISTRIBUTION, ETC.
Place of publication, distribution, etc. Upper Saddle River, N.J. :
Name of publisher, distributor, etc. Pearson Prentice Hall,
Date of publication, distribution, etc. c2005.
300 ## - PHYSICAL DESCRIPTION
Extent xxiv. (various pagings) :
Other physical details ill. (some col.) ;
Dimensions 28 cm.
500 ## - GENERAL NOTE
General note Includes indexes.
650 #0 - SUBJECT ADDED ENTRY--TOPICAL TERM
Topical term or geographic name entry element Mathematics
Form subdivision Textbooks.
942 ## - ADDED ENTRY ELEMENTS (KOHA)
Source of classification or shelving scheme Library of Congress Classification
Koha item type Books
Edition 3rd Ed.
Suppress in OPAC No
999 ## -
-- 1164
-- 1164
Holdings
Withdrawn status Lost status Source of classification or shelving scheme Damaged status Not for loan Collection Home library Current library Shelving location Date acquired Total checkouts Full call number Barcode Date last seen Copy number Price effective from Koha item type
    Library of Congress Classification     Non-fiction Science Library (Miotso) Science Library (Miotso) General stacks 11/14/2024   QA107 BLI SLM00000568 11/14/2024 1 11/14/2024 Books
© 2023-2024 Copyright: Central University Libraries. All Rights Reserved | Created by: Mahone Tech Office